LEADER 01370nam 2200445 450 001 9910795306003321 005 20200520144314.0 010 $a80-246-3191-1 035 $a(CKB)4340000000210117 035 $a(MiAaPQ)EBC5110755 035 $a(Au-PeEL)EBL5110755 035 $a(CaPaEBR)ebr11460370 035 $a(OCoLC)1009312813 035 $a(PPN)231676603 035 $a(EXLCZ)994340000000210117 100 $a20171124h20172017 uy 0 101 0 $aeng 135 $aurcnu|||||||| 181 $2rdacontent 182 $2rdamedia 183 $2rdacarrier 200 10$aInstability in the Middle East $estructural changes and uneven modernisation, 1950-2015 /$fKarel Cerny 210 1$a[Place of publication not identified] :$cCharles University,$d2017. 210 4$d©2017 215 $a1 online resource (476 pages) $cillustrations, tables, graphs 311 $a80-246-3427-9 320 $aIncludes bibliographical references and index. 606 $aSocial change$zMiddle East 606 $aPolitical stability$zMiddle East 615 0$aSocial change 615 0$aPolitical stability 676 $a303.40956 700 $aCerny$b Karel$01480783 801 0$bMiAaPQ 801 1$bMiAaPQ 801 2$bMiAaPQ 906 $aBOOK 912 $a9910795306003321 996 $aInstability in the Middle East$93822396 997 $aUNINA LEADER 01236nam0-22003611i-450 001 990008009610403321 005 20260407123507.0 010 $a3-11-014836-6 035 $aFED01000800961 100 $a20050222d1998----km-y0itay50------ba 101 0 $ager$agrc 102 $aDE 105 $ay---aj--001yy 200 1 $aPs.-Herodian, De figuris$eÜberlieferungsgeschichte und kritische Ausgabe$fherausgegeben von Kerstin Hajdu$c<>attizistische Lexikon des Moeris$equellenkritische Untersuchung und Edition$fherausgegeben von Dirk U. Hansen 210 $aBerlin ; New York$cW. de Gruyter$d1998 215 $a167, 181 p.$d24 cm 225 1 $aSammlung griechischer und lateinischer Grammatiker$v8$v9 500 10$aDe figuris$953280 500 10$aLexicon atticum 610 0 $aErodiano$aDe figuris 610 0 $aMeris$aLexicon atticum 676 $a483$v20$zita 700 1$aHerodianus,$bAelius$f<2. sec.>$0194607 701 0$aMoeris$0285867 702 1$aHajdú,$bKerstin 702 1$aHansen,$bDirk U. 801 0$aIT$bUNINA$c20050222$gRICA$2UNIMARC 901 $aBK 912 $a990008009610403321 952 $a483 SGLG 08-09$bBibl. 50970$fFLFBC 959 $aFLFBC 996 $aDe figuris$953280 997 $aUNINA